| 000 | 00339nam a2200133Ia 4500 | ||
|---|---|---|---|
| 005 | 20251222143245.0 | ||
| 008 | 251222s9999||||xx |||||||||||||| ||spa|| | ||
| 020 | _a2-902-308-13-2 | ||
| 082 | _a720.945/P26 | ||
| 100 | _aParmiggiani, Claudio | ||
| 245 | 0 | _aInvitation a Claudio Parmiggiani | |
| 264 | _bMusÃes de Marseille | ||
| 942 | _cLIB | ||
| 999 |
_c14739 _d14739 |
||